Paroles : Dans les yeux d'Émilie - Joe Dassin - Statistiques

Statistiques générales
  • Ce quiz a été pris 165 fois
  • Le résultat moyen est 172 sur 242
Statistiques - réponses
Réponse % Correct
Dans
99%
Le
98%
Les
98%
Yeux
95%
De
94%
La
93%
Et
92%
Moi
91%
Jour
90%
Nuit
90%
Soleil
90%
À
89%
D'Émilie
89%
J'avais
89%
Vie
89%
Ma
85%
Son
83%
Du
80%
Au
79%
Je
78%
Mélancolie
78%
Que
76%
Sourire
75%
Vieux
74%
Quartier
73%
Québec
73%
Sa
69%
On
68%
Émilie
67%
Réchauffais
64%
Vivre
64%
Joie
63%
L'amour
63%
Mais
63%
Ont
62%
D'avoir
58%
L'air
58%
Qui
58%
Ce
57%
En
56%
Est
55%
Rues
55%
Temps
55%
Devenait
53%
Saint-Laurent
51%
L'accent
50%
Pour
50%
Nous
49%
L'hiver
48%
J'ai
47%
Va
47%
Froid
46%
Ni
46%
Plus
46%
Bien
45%
Mois
45%
Six
45%
Première
44%
Avec
43%
D'un
43%
Durer
43%
Fois
43%
Quand
43%
Prisonnier
42%
N'est
41%
Reviendra
41%
Jours
39%
Mille
39%
Chaleur
38%
Décembre
38%
Deux
38%
L'an
38%
Maisons
38%
Pieds
38%
L'été
37%
Peut
37%
Secs
37%
Voisine
37%
Lumière
36%
Sans
36%
Croire
35%
N'ai
35%
Grises
34%
Printemps
34%
Aux
33%
Enfants
33%
Espérer
33%
Gens
33%
Nuits
33%
Vient
33%
Grand
32%
Temps-là
31%
Dirait
30%
Retour
30%
Sortent
30%
C'est
29%
Terre
29%
D'éclater
28%
Dos
28%
Fête
28%
Ressemblent
28%
Tourne
28%
Éclaircie
26%
Redeviennent
24%
Toits
23%
Verts
23%
Aucun quiz correspondant
Distribution des résultats
% des personnes avec chaque résultat
Percentile par nombre de réponses
Votre historique - résultats
Vous n’avez pas pris ce quiz